Overwatch voice actors - Statistics

General Stats
  • This quiz has been taken 132 times
    105 since last reset
  • The average score is 14 of 30
Answer Stats
Hint Answer % Correct
Charlet Chung D.Va
78%
Elise Zhang Mei
78%
Matthew Mercer McCree
77%
Jonny Cruz Lucio
71%
Anjali Bhimani Symmetra
66%
Gaku Space Genji
64%
Carolina Ravassa Sombra
64%
Lucie Pohl Mercy
61%
Cara Theobold Tracer
60%
Dolya Gavanski Zarya
58%
Chloe Hollings Widowmaker
56%
Aysha Selim Ana
53%
Matilda Smedius Brigitte
51%
Paul Nakauchi Hanzo
51%
Genevieve O'Reilly Moira
49%
Darin De Paul Reinhardt
49%
Jennifer Hale Ashe
47%
Keith Ferguson Reaper
40%
Keith Silverstein Torbjörn
39%
Crispin Freeman Winston
38%
Jen Cohn Pharah
36%
Josh Petersdorf Roadhog
36%
Fred Tatasciore Soldier 76
35%
Feodor Chin Zenyatta
35%
Sahr Ngaujah Doomfist
34%
Chris Parson Junkrat
32%
Cherrelle Skeete Orisa
30%
Dee Bradley Baker Wrecking Ball
26%
Chris Metzen Bastion
17%
Jonathan Lipow Wrecking Ball
17%
No matching quizzes found
Score Distribution
Percent of People with Each Score
Percentile by Number Answered
Your Score History
You have not taken this quiz since the last reset